Logo BPK

Biblioteka

Politechniki Koszalińskiej

Kleine Werkkstoffkunde : (Rekord nr 8747)

Szczegóły MARC
000 -ETYKIETA REKORDU
podpole kontrolne o stałej długości 00489nam a2200157 i 4500
001 - NUMER KONTROLNY REKORDU
pole kontrolne bg
040 ## - ŹRÓDŁO KATALOGOWANIA
Instytucja, która utworzyła rekord BPK
041 ## - KOD JĘZYKA
Kod języka tekstu pol
080 ## - UNIWERSALNA KLASYFIKACJA DZIESIĘTNA - UKD
UKD 621.7:669.1
008 - POLE O STAŁEJ DŁUGOŚCI - DANE KONTROLNE
podpole kontrolne o stałej długości s pl f |000 0 pol
100 1# - NAZWA OSOBOWA
Nazwa osobowa BENSER, Erich
245 #0 - TYTUŁ/ODPOWIEDZIALNOŚĆ
Tytuł Kleine Werkkstoffkunde :
Ciąg dalszy tytułu Stahl und Eisengusslegierungen.
Oznaczenie części/sekcji dzieła Bd. 1,
Tytuł części/sekcji dzieła Werkstoffaufbau, Stahl-Standariesierung, Wärmebehandlung, KAltverformung und Rekristallistation /
Pozostałe elementy strefy tytułu i oznaczenia odpowiedzialności E. Benser.
250 ## - STREFA WYDANIA
Oznaczenie wydania 13 Aufl.
260 ## - STREFA ADRESU WYDAWNICZEGO
Miejsce wydania Leipzig,
Data publikacji, dystrybucji/powstania dokumentu 1961.
856 ## - LOKALIZACJA I DOSTĘP DO ELEKTRONICZNYCH DOKUMENTÓW ZDALNYCH
Link (URL) http://koha.tu.koszalin.pl/cgi-bin/koha/opac-detail.pl?biblionumber=8747
Tekst linku Katalog online BPK
942 ## - DODATKOWE ELEMENTY (KOHA)
Typ dokumentu Książka
Egzemplarze
Wycofany Status egzemplarza Uszkodzony Dostępność Lokalizacja stała Lokalizacja bieżąca Miejsce przechowywania Sygnatura Kod kreskowy Typ dokumentu
      Dostępny Biblioteka Politechniki Koszalińskiej Biblioteka Politechniki Koszalińskiej Wypożyczalnia BG 8276 01771138 Książka
© 2023 Biblioteka Politechniki Koszalińskiej :: KOHA